[Event "PER-ch (Women)"]
[Site "Lima"]
[Date "2016.02.12"]
[Round "4"]
[White "Cabanillas Quiroga, Maria Luisa"]
[Black "Hilario Huaranca, Aleyla Karen"]
[Result "1/2-1/2"]
[WhiteElo "1584"]
[BlackElo "1793"]
[PlyCount "45"]
[EventDate "2016.02.10"]
[EventType "swiss"]
[EventRounds "9"]
[EventCountry "PER"]
[SourceTitle "EXT 2017"]
[Source "ChessBase"]
[SourceDate "2016.10.25"]
[SourceVersion "1"]
[SourceVersionDate "2016.10.25"]
[SourceQuality "1"]

1. d4 Nf6 2. c4 e6 3. a3 d5 4. cxd5 exd5 5. Nc3 c6 6. Nf3 Be7 7. Qc2 0-0 8. Bg5 Re8 9. e3 Ne4 10. Bxe7 Qxe7 11. Bd3 Nd7 12. 0-0 f5 13. Rfe1 Qd6 14. Nd2 Qh6 15. Nf1 Ndf6 16. f3 Nd6 17. b3 Bd7 18. Rac1 Re7 19. Ne2 Rae8 20. Rcd1 g5 21. Qc5 Nc8 22. Qc2 g4 23. f4 1/2-1/2

[Event "PER-ch (Women)"]
[Site "Lima"]
[Date "2016.02.10"]
[Round "2"]
[White "Cabanillas Quiroga, Maria Luisa"]
[Black "Aliaga Fernandez, Ingrid Yadira"]
[Result "0-1"]
[WhiteElo "1584"]
[BlackElo "2173"]
[PlyCount "58"]
[EventDate "2016.02.10"]
[EventType "swiss"]
[EventRounds "9"]
[EventCountry "PER"]
[SourceTitle "EXT 2017"]
[Source "ChessBase"]
[SourceDate "2016.10.25"]
[SourceVersion "1"]
[SourceVersionDate "2016.10.25"]
[SourceQuality "1"]

1. d4 Nf6 2. c4 e6 3. a3 d5 4. cxd5 exd5 5. Nc3 c6 6. Nf3 Bd6 7. Qc2 Bg4 8. Nd2 Nbd7 9. e3 0-0 10. Bd3 Re8 11. Bf5 Bxf5 12. Qxf5 Nf8 13. b4 Ng6 14. 0-0 Rc8 15. Re1 Bb8 16. Bb2 b6 17. Na4 Qd6 18. Nf1 Ne4 19. Rac1 Nd2 20. g3 Nc4 21. Rc2 Rcd8 22. Rec1 Qe7 23. Qd3 Qg5 24. Re1 Nh4 25. e4 Qg4 26. Kh1 Nxb2 27. Nxb2 dxe4 28. Qd1 Nf3 29. Re3 Qh3 0-1